[Event "Dianalund "]
[Site "Dianalund"]
[Date "2000.02.12"]
[Round "1"]
[White "Bromann, Thorbjorn"]
[Black "Miezis, Normunds"]
[Result "0-1"]
[WhiteElo "2297"]
[BlackElo "2481"]
[PlyCount "199"]
[EventDate "2000.??.??"]
[EventType "tourn"]
[EventRounds "9"]
[EventCountry "DEN"]

1. e4 c5 2. Nf3 e6 3. d4 cxd4 4. Nxd4 a6 5. Bd3 Nc6 6. Nxc6 dxc6 7. Nd2 e5 8.
Nc4 Nf6 9. O-O Qc7 10. a4 Bc5 11. Qf3 h5 12. Bd2 Bg4 13. Qg3 Bd4 14. h3 h4 15.
Qh2 Be6 16. Ba5 b6 17. Bb4 O-O-O 18. Bd6 Rxd6 19. Nxd6+ Qxd6 20. Bxa6+ Kb8 21.
c3 Bxf2+ 22. Rxf2 Ka7 23. Bd3 Qxd3 24. Qxe5 Kb7 25. Qg5 Nxe4 26. Qe7+ Kb8 27.
Rf3 Qd6 28. Qxd6+ Nxd6 29. a5 bxa5 30. Rxa5 Kb7 31. Rf4 Kb6 32. Raa4 g5 33.
Rfb4+ Kc5 34. Ra5+ Nb5 35. Re4 Rd8 36. b4+ Kb6 37. c4 Rd1+ 38. Kh2 Nc3 39. Re3
Nb1 40. c5+ Kb7 41. Ra1 Rf1 42. Re5 Nd2 43. Rxf1 Nxf1+ 44. Kg1 Ng3 45. Rxg5
Ne2+ 46. Kf1 Nf4 47. Re5 Bd5 48. Rf5 Ng6 49. Ke2 Ka6 50. Kd2 Bxg2 51. Rxf7 Bxh3
52. Rf3 Bg2 53. Ra3+ Kb7 54. Ke3 Bd5 55. Kf2 Ne5 56. Kg1 Nc4 57. Ra1 Ne3 58.
Kh2 Nc2 59. Ra4 Bb3 60. Ra5 Nxb4 61. Kh3 Nd3 62. Kxh4 Bc4 63. Kg3 Bb5 64. Kf3
Nxc5 65. Ra3 Kb6 66. Ke3 Ne6 67. Kd2 Kc5 68. Re3 Bc4 69. Kc3 Nf4 70. Re4 Nd5+
71. Kb2 Bd3 72. Rh4 Bf5 73. Rh5 Be4 74. Rh6 Nb6 75. Kc3 Na4+ 76. Kb3 Kb5 77.
Rh4 Bd5+ 78. Ka3 Nc3 79. Rb4+ Kc5 80. Rh4 Ne4 81. Kb2 Kd4 82. Kc2 c5 83. Rh3
Bc4 84. Ra3 Bb5 85. Ra8 Bd3+ 86. Kb2 c4 87. Rd8+ Ke3 88. Kc1 Nf2 89. Rd7 Bf5
90. Rf7 Be4 91. Kb2 Nd1+ 92. Kc1 Nc3 93. Ra7 Ne2+ 94. Kd1 c3 95. Ra3 Kd3 96.
Ke1 Nd4 97. Kd1 Bf3+ 98. Kc1 Ne2+ 99. Kd1 Bg4 100. Ke1 0-1

[Event "Dianalund "]
[Site "Dianalund"]
[Date "2000.02.12"]
[Round "1"]
[White "Christensen, John"]
[Black "Carstensen, Jacob"]
[Result "1-0"]
[WhiteElo "2185"]
[BlackElo "2248"]
[PlyCount "143"]
[EventDate "2000.??.??"]
[EventType "tourn"]
[EventRounds "9"]
[EventCountry "DEN"]

1. Nf3 d5 2. b3 c5 3. e3 Nc6 4. Be2 e5 5. d4 e4 6. Ne5 cxd4 7. Nxc6 bxc6 8.
exd4 Bd6 9. c4 Ne7 10. Nc3 O-O 11. Bg5 Be6 12. Rc1 h6 13. Bxe7 Qxe7 14. Rc2 Qg5
15. g3 e3 16. O-O Bf4 17. Kg2 Rad8 18. cxd5 cxd5 19. fxe3 Bb8 20. Bf3 Qxe3 21.
Na4 Qg5 22. Nc5 Bf5 23. Rcf2 Rfe8 24. Qd2 Qg6 25. Re1 Be4 26. Bxe4 dxe4 27. Qe3
f5 28. Kh1 Rd5 29. Ref1 Red8 30. Nb7 Re8 31. Nc5 Red8 32. Nb7 Rf8 33. Nc5 Rf6
34. b4 Kh7 35. a4 Qe8 36. b5 Qd8 37. Nb3 Qd6 38. Qc3 Qd7 39. Nc5 Qd6 40. Nb3
Qd8 41. Na5 Rxd4 42. Nc6 Rd3 43. Qc4 Qc8 44. Rxf5 Rxf5 45. Qxe4 Rdd5 46. g4 Qc7
47. Nxb8 Rde5 48. Qd3 Qxb8 49. Rxf5 Qb7+ 50. Rf3+ Qe4 51. h3 Qxd3 52. Rxd3 Re1+
53. Kg2 Ra1 54. Rd4 Ra3 55. h4 Kg8 56. Rf4 g5 57. hxg5 hxg5 58. Rc4 Kf8 59.
Rc8+ Ke7 60. Rc7+ Kd6 61. Rxa7 Kc5 62. Kf2 Kb6 63. Ra6+ Kc5 64. b6 Kc6 65. a5
Ra4 66. Kf3 Rf4+ 67. Kg3 Ra4 68. Ra7 Ra3+ 69. Kf2 Ra2+ 70. Kf3 Ra4 71. b7 Rb4
72. a6 1-0

[Event "Dianalund "]
[Site "Dianalund"]
[Date "2000.02.12"]
[Round "1"]
[White "Pilgaard, Kim"]
[Black "Naes, Flovin Tor"]
[Result "1-0"]
[WhiteElo "2377"]
[BlackElo "2257"]
[PlyCount "53"]
[EventDate "2000.??.??"]
[EventType "tourn"]
[EventRounds "9"]
[EventCountry "DEN"]

1. e4 e5 2. Nf3 Nc6 3. Bb5 a6 4. Ba4 Nf6 5. O-O Nxe4 6. d4 b5 7. Bb3 d5 8. dxe5
Be6 9. Nbd2 Nc5 10. c3 Nd3 11. Qe2 Nf4 12. Qe3 g5 13. a4 Na5 14. axb5 axb5 15.
Bc2 c5 16. Kh1 h6 17. Rd1 Be7 18. b3 Qc8 19. Nf1 O-O 20. Qe1 Nxg2 21. Qe2 Nh4
22. Nxh4 gxh4 23. Bxh6 f5 24. Bxf8 Qxf8 25. Ne3 Ra7 26. Rg1+ Kh7 27. Nxf5 1-0

[Event "Dianalund "]
[Site "Dianalund"]
[Date "2000.02.12"]
[Round "1"]
[White "Rausis, Igors"]
[Black "Cherniaev, Alexander"]
[Result "1/2-1/2"]
[WhiteElo "2486"]
[BlackElo "2460"]
[PlyCount "25"]
[EventDate "2000.??.??"]
[EventType "tourn"]
[EventRounds "9"]
[EventCountry "DEN"]

1. e4 c5 2. Nf3 Nc6 3. Bb5 e6 4. Bxc6 bxc6 5. O-O Ne7 6. b3 Ng6 7. Bb2 f6 8. e5
Be7 9. d3 O-O 10. Nbd2 fxe5 11. Nxe5 Nxe5 12. Bxe5 d6 13. Bg3 1/2-1/2

[Event "Dianalund "]
[Site "Dianalund"]
[Date "2000.02.12"]
[Round "1"]
[White "Sivertsen, Palle"]
[Black "Pedersen, Kim"]
[Result "1/2-1/2"]
[WhiteElo "2176"]
[BlackElo "2247"]
[PlyCount "80"]
[EventDate "2000.??.??"]
[EventType "tourn"]
[EventRounds "9"]
[EventCountry "DEN"]

1. e4 d5 2. exd5 Nf6 3. c4 c6 4. Nc3 cxd5 5. d4 dxc4 6. Bxc4 e6 7. Nf3 Be7 8.
O-O O-O 9. a3 Nc6 10. Bg5 a6 11. Qe2 Nxd4 12. Nxd4 Qxd4 13. Rfd1 Qc5 14. Be3
Qh5 15. Qxh5 Nxh5 16. Bb6 Nf6 17. Be2 Bd7 18. Bf3 Bc6 19. Bxc6 bxc6 20. Rac1
Rfc8 21. Na4 Nd5 22. g3 Rab8 23. Bc5 Bxc5 24. Rxc5 Rb5 25. Rdc1 Rxc5 26. Rxc5
Kf8 27. Ra5 Nc7 28. Nc5 Ke7 29. b4 Ra8 30. Kf1 g5 31. Ke2 f5 32. f3 h5 33. h3
h4 34. g4 Nd5 35. Nd3 Kd6 36. Kd2 Ra7 37. Ke2 Ra8 38. Kd2 Ra7 39. Ke2 Nc3+ 40.
Ke3 Nd5+ 1/2-1/2

[Event "Dianalund "]
[Site "Dianalund"]
[Date "2000.02.13"]
[Round "2"]
[White "Bromann, Thorbjorn"]
[Black "Sivertsen, Palle"]
[Result "1/2-1/2"]
[WhiteElo "2297"]
[BlackElo "2176"]
[PlyCount "125"]
[EventDate "2000.??.??"]
[EventType "tourn"]
[EventRounds "9"]
[EventCountry "DEN"]

1. e4 Nc6 2. Nf3 g6 3. d4 Bg7 4. Nc3 d6 5. h3 Nf6 6. Bg5 h6 7. Be3 O-O 8. Qd2
Kh7 9. O-O-O e5 10. g4 Qe7 11. d5 Nd4 12. Nxd4 exd4 13. Bxd4 Nxe4 14. Qe3 Re8
15. Bxg7 Kxg7 16. Re1 Nxf2 17. Qxe7 Rxe7 18. Rxe7 Nxh1 19. Bg2 Nf2 20. Re2 Nxg4
21. hxg4 Bxg4 22. Re7 Rc8 23. Kd2 Kf6 24. Re4 Bd7 25. Ke3 Kg7 26. Rb4 b6 27.
Bf1 Re8+ 28. Kf2 Re7 29. Bb5 Bc8 30. Ra4 a5 31. a3 Bf5 32. Bd3 Bc8 33. b4 Bd7
34. Bb5 axb4 35. axb4 Bf5 36. Bd3 Bxd3 37. cxd3 Kf6 38. Ra1 h5 39. Nb5 h4 40.
Rc1 Rd7 41. Nxc7 g5 42. Ke3 Kf5 43. Nb5 Ke5 44. d4+ Kf5 45. Rc6 Re7+ 46. Kf2 g4
47. Nxd6+ Kf4 48. Nc8 g3+ 49. Kf1 Re4 50. Rf6+ Kg4 51. Rxf7 Rxd4 52. d6 Kh3 53.
Kg1 Rd3 54. d7 Rd1+ 55. Rf1 Rxd7 56. Nxb6 Rd4 57. Rb1 Kg4 58. Rc1 Rxb4 59. Rc4+
Rxc4 60. Nxc4 h3 61. Nd2 Kf4 62. Nf1 g2 63. Kf2 1/2-1/2

[Event "Dianalund "]
[Site "Dianalund"]
[Date "2000.02.13"]
[Round "2"]
[White "Carstensen, Jacob"]
[Black "Rausis, Igors"]
[Result "0-1"]
[WhiteElo "2248"]
[BlackElo "2486"]
[PlyCount "82"]
[EventDate "2000.??.??"]
[EventType "tourn"]
[EventRounds "9"]
[EventCountry "DEN"]

1. c4 e5 2. Nc3 Bb4 3. Nf3 Bxc3 4. dxc3 Nc6 5. e4 d6 6. Bd3 Nge7 7. Qc2 O-O 8.
Bd2 a6 9. O-O-O b5 10. c5 f6 11. Rhg1 Be6 12. g4 Qd7 13. Nh4 Bxg4 14. f3 Bh5
15. Be3 Kh8 16. Qf2 Qe6 17. b3 Rad8 18. Qg3 Rg8 19. Rd2 g6 20. Ng2 d5 21. exd5
Nxd5 22. Kb2 Nxe3 23. Nxe3 e4 24. fxe4 Ne5 25. Nc2 Nf3 26. Nd4 Rxd4 27. cxd4
Nxd2 28. Qe3 Nf3 29. Rg3 Nxh2 30. Qf4 c6 31. b4 Rd8 32. e5 fxe5 33. Qh4 Rxd4
34. Qxh2 Qd5 35. Bc2 Rxb4+ 36. Bb3 Qd4+ 37. Kc1 Qf4+ 38. Kb2 Rd4 39. Qxh5 Qxg3
40. Qh6 Qf2+ 41. Ka3 Rd8 0-1

[Event "Dianalund "]
[Site "Dianalund"]
[Date "2000.02.13"]
[Round "2"]
[White "Miezis, Normunds"]
[Black "Cherniaev, Alexander"]
[Result "1-0"]
[WhiteElo "2481"]
[BlackElo "2460"]
[PlyCount "74"]
[EventDate "2000.??.??"]
[EventType "tourn"]
[EventRounds "9"]
[EventCountry "DEN"]

1. c4 c6 2. e4 d5 3. cxd5 cxd5 4. exd5 Nf6 5. Bb5+ Nbd7 6. Nc3 a6 7. Ba4 Rb8 8.
Bxd7+ Bxd7 9. Qb3 b5 10. Nf3 b4 11. Nd1 Bg4 12. Qa4+ Qd7 13. Qxd7+ Nxd7 14. Ke2
Nf6 15. Ne3 Bc8 16. Nd4 Bb7 17. Nc6 Rc8 18. Nxb4 e6 19. Nbc2 exd5 20. d4 a5 21.
f3 Ba6+ 22. Kf2 Bd3 23. Ne1 Ba6 24. Bd2 a4 25. N1c2 Rb8 26. Bc3 Kd7 27. a3 g6
28. Nb4 Bxb4 29. Bxb4 Rhc8 30. g4 Bc4 31. Rhe1 Bb3 32. Re2 Re8 33. Rae1 h5 34.
g5 Ng8 35. h4 Rbc8 36. Ng2 Re6 37. Nf4 Ree8 1-0

[Event "Dianalund "]
[Site "Dianalund"]
[Date "2000.02.13"]
[Round "2"]
[White "Naes, Flovin Tor"]
[Black "Christensen, John"]
[Result "0-1"]
[WhiteElo "2257"]
[BlackElo "2185"]
[PlyCount "96"]
[EventDate "2000.??.??"]
[EventType "tourn"]
[EventRounds "9"]
[EventCountry "DEN"]

1. e4 b6 2. d4 e6 3. c4 Bb4+ 4. Nc3 Bxc3+ 5. bxc3 d6 6. Bd3 c5 7. e5 Bb7 8. Qg4
dxe5 9. Qxg7 Qf6 10. Qg3 Nd7 11. Ne2 Ne7 12. Bg5 Qg7 13. Bxe7 Qxg3 14. hxg3
Kxe7 15. f3 Rad8 16. Rd1 exd4 17. cxd4 cxd4 18. Nxd4 Ne5 19. Be2 Rc8 20. Rh4
Ba6 21. Nb5 Bxb5 22. cxb5 Rc2 23. Rhd4 Rxa2 24. f4 Ng6 25. Rd7+ Kf6 26. Rc7 Re8
27. Kf1 Re7 28. Rc8 Ra5 29. Kf2 h5 30. Ke3 Kg7 31. Rdd8 Ra3+ 32. Bd3 h4 33. g4
e5 34. Rg8+ Kh6 35. g5+ Kh5 36. Kd2 Rd7 37. Rc3 Rxc3 38. Kxc3 Nxf4 39. Bf5 Rc7+
40. Kd2 Ng6 41. Re8 Kxg5 42. Bxg6 fxg6 43. Rxe5+ Kf4 44. Re8 g5 45. Ke2 Kg3 46.
Rg8 Rc5 47. Rg7 Kxg2 48. Rxa7 h3 0-1

[Event "Dianalund "]
[Site "Dianalund"]
[Date "2000.02.13"]
[Round "2"]
[White "Pedersen, Kim"]
[Black "Pilgaard, Kim"]
[Result "0-1"]
[WhiteElo "2247"]
[BlackElo "2377"]
[PlyCount "72"]
[EventDate "2000.??.??"]
[EventType "tourn"]
[EventRounds "9"]
[EventCountry "DEN"]

1. d4 Nf6 2. Nf3 e6 3. e3 b6 4. Bd3 Bb7 5. Nbd2 c5 6. c3 Be7 7. Qe2 d6 8. O-O
O-O 9. Rd1 Nc6 10. a3 Qc7 11. e4 cxd4 12. cxd4 Rfd8 13. b4 a5 14. b5 Nb8 15.
Bb2 Nbd7 16. Rac1 Qb8 17. Bb1 Rc8 18. Rxc8+ Qxc8 19. e5 Ne8 20. exd6 Nxd6 21.
Ne5 Bd5 22. Rc1 Qb7 23. Rc3 Nf6 24. f3 Rc8 25. Rxc8+ Qxc8 26. Qd3 g6 27. a4 Nd7
28. Nxd7 Qxd7 29. Bc2 Nf5 30. Bb3 Bf6 31. g4 Nxd4 32. Bxd4 Bxb3 33. Nxb3 e5 34.
Qe4 exd4 35. Qc6 Qd8 36. f4 d3 0-1

[Event "Dianalund "]
[Site "Dianalund"]
[Date "2000.02.14"]
[Round "3"]
[White "Cherniaev, Alexander"]
[Black "Carstensen, Jacob"]
[Result "1-0"]
[WhiteElo "2460"]
[BlackElo "2248"]
[PlyCount "68"]
[EventDate "2000.??.??"]
[EventType "tourn"]
[EventRounds "9"]
[EventCountry "DEN"]

1. e4 c5 2. Nf3 d6 3. d4 cxd4 4. Nxd4 Nf6 5. Nc3 a6 6. f4 e5 7. Nf3 Nbd7 8. a4
Be7 9. Bc4 O-O 10. Qe2 exf4 11. Bxf4 Nc5 12. O-O Ne6 13. Bd2 Bd7 14. Kh1 Qc7
15. Nd5 Qd8 16. Nxe7+ Qxe7 17. e5 dxe5 18. Qxe5 Rac8 19. Bd3 Rfe8 20. b4 Qd8
21. Qg3 Bc6 22. Ne5 Be4 23. Rxf6 Bxd3 24. Rxf7 Bxc2 25. Rd7 Qf6 26. Rf7 Qd8 27.
Rd7 Qf6 28. Bc3 Qg5 29. Bb2 Bxa4 30. Rxb7 Rc2 31. Nd3 Bb5 32. Rxg7+ Kh8 33.
Rxg5+ Rxb2 34. Nxb2 h6 1-0

[Event "Dianalund "]
[Site "Dianalund"]
[Date "2000.02.14"]
[Round "3"]
[White "Christensen, John"]
[Black "Pedersen, Kim"]
[Result "0-1"]
[WhiteElo "2185"]
[BlackElo "2247"]
[PlyCount "82"]
[EventDate "2000.??.??"]
[EventType "tourn"]
[EventRounds "9"]
[EventCountry "DEN"]

1. Nf3 d5 2. b3 Bf5 3. e3 e6 4. Be2 Nd7 5. Bb2 h6 6. c4 Ngf6 7. Nc3 Be7 8. d4
O-O 9. O-O c6 10. Bd3 Bxd3 11. Qxd3 Qc7 12. h3 Rad8 13. Qc2 Qb8 14. a4 Nh7 15.
Ne2 Bf6 16. e4 dxe4 17. Qxe4 c5 18. Rad1 cxd4 19. Ba3 e5 20. Bxf8 Nhxf8 21. Nd2
Nc5 22. Qb1 Nfe6 23. Ng3 a5 24. Nde4 Nxe4 25. Nxe4 Be7 26. g3 f5 27. Nd2 d3 28.
Rfe1 Bc5 29. Nf1 Qd6 30. Ne3 Ng5 31. Nxf5 Nf3+ 32. Kf1 Qd7 33. g4 Nxe1 34. Rxe1
Qc6 35. Ng3 Qf3 36. Ne4 Qxh3+ 37. Kg1 Qxg4+ 38. Kf1 Bb4 39. Re3 d2 40. Nxd2
Rxd2 41. Re1 Qf3 0-1

[Event "Dianalund "]
[Site "Dianalund"]
[Date "2000.02.14"]
[Round "3"]
[White "Pilgaard, Kim"]
[Black "Bromann, Thorbjorn"]
[Result "1-0"]
[WhiteElo "2377"]
[BlackElo "2297"]
[PlyCount "61"]
[EventDate "2000.??.??"]
[EventType "tourn"]
[EventRounds "9"]
[EventCountry "DEN"]

1. e4 e6 2. d4 d5 3. Nd2 c5 4. exd5 Qxd5 5. Ngf3 cxd4 6. Bc4 Qd6 7. O-O Nf6 8.
Nb3 Nc6 9. Nbxd4 Nxd4 10. Nxd4 a6 11. b3 Qc7 12. Bb2 Bd6 13. h3 b5 14. Bd3 Bb7
15. c4 bxc4 16. Bxc4 O-O 17. Rc1 Qb6 18. Qe2 Bf4 19. Rcd1 Bd5 20. Bxd5 Nxd5 21.
Qg4 Bh6 22. Rfe1 Rac8 23. Qf3 Nb4 24. a3 Nc2 25. Re4 Nxd4 26. Rexd4 Rc2 27. Rd6
Qc5 28. b4 Qc4 29. Rd8 Rxb2 30. Rxf8+ Kxf8 31. Qa8+ 1-0

[Event "Dianalund "]
[Site "Dianalund"]
[Date "2000.02.14"]
[Round "3"]
[White "Rausis, Igors"]
[Black "Naes, Flovin Tor"]
[Result "1/2-1/2"]
[WhiteElo "2486"]
[BlackElo "2257"]
[PlyCount "66"]
[EventDate "2000.??.??"]
[EventType "tourn"]
[EventRounds "9"]
[EventCountry "DEN"]

1. Nf3 Nf6 2. c4 e6 3. g3 d5 4. d4 c5 5. cxd5 exd5 6. Bg2 Nc6 7. O-O Be7 8. Nc3
O-O 9. dxc5 Bxc5 10. Bg5 Be6 11. Bxf6 Qxf6 12. Nxd5 Qxb2 13. Nc7 Rad8 14. Qc1
Qxc1 15. Rfxc1 Bb6 16. Nxe6 fxe6 17. e3 Nb4 18. Rc4 Nd3 19. h4 h6 20. a4 Rd5
21. Rc3 Ba5 22. Rca3 Nb4 23. Rb1 Rdf5 24. e4 Rc5 25. Nd4 Nc2 26. Nxc2 Rxc2 27.
Rf3 Rxf3 28. Bxf3 Bb6 29. Rf1 e5 30. Kg2 Rc4 31. Ra1 Rc2 32. Rg1 Rc4 33. Ra1
Rc2 1/2-1/2

[Event "Dianalund "]
[Site "Dianalund"]
[Date "2000.02.14"]
[Round "3"]
[White "Sivertsen, Palle"]
[Black "Miezis, Normunds"]
[Result "0-1"]
[WhiteElo "2176"]
[BlackElo "2481"]
[PlyCount "88"]
[EventDate "2000.??.??"]
[EventType "tourn"]
[EventRounds "9"]
[EventCountry "DEN"]

1. e4 c5 2. Nc3 Nc6 3. f4 g6 4. Nf3 Bg7 5. Bb5 Nd4 6. a4 e6 7. O-O Ne7 8. e5
O-O 9. d3 d5 10. exd6 Qxd6 11. Ne4 Qc7 12. Ne5 b6 13. c3 Nxb5 14. axb5 Bb7 15.
Qe1 Nf5 16. Rf3 Nd6 17. Rh3 Nxe4 18. dxe4 Rfd8 19. Nc4 Qd7 20. Na3 Qd1 21. Re3
Qb3 22. Qe2 e5 23. Rd3 Rxd3 24. Qxd3 exf4 25. Nc4 Bd4+ 26. Kf1 Bxe4 27. Qxe4
Qxc4+ 28. Qe2 Qxe2+ 29. Kxe2 Be5 30. Kf3 g5 31. h4 f6 32. g3 fxg3 33. hxg5 fxg5
34. Bxg5 Rf8+ 35. Ke4 Bb8 36. Be3 Kg7 37. Rh1 Rf6 38. Rh5 h6 39. Rh1 Kh7 40.
Kd3 g2 41. Rh4 Bg3 42. Ra4 c4+ 43. Ke2 Re6 44. Rxa7+ Kg6 0-1

[Event "Dianalund "]
[Site "Dianalund"]
[Date "2000.02.15"]
[Round "4"]
[White "Bromann, Thorbjorn"]
[Black "Christensen, John"]
[Result "1-0"]
[WhiteElo "2297"]
[BlackElo "2185"]
[PlyCount "45"]
[EventDate "2000.??.??"]
[EventType "tourn"]
[EventRounds "9"]
[EventCountry "DEN"]

1. e4 Nc6 2. Nf3 d5 3. exd5 Qxd5 4. Nc3 Qa5 5. Bc4 e6 6. d4 Bd7 7. Bd2 Qb4 8.
Qe2 O-O-O 9. O-O Qe7 10. b4 Be8 11. Be3 Nf6 12. b5 Nb4 13. Na4 Nbd5 14. Bd2 Qa3
15. Bb3 Bb4 16. Bc1 Nc3 17. Nxc3 Qa5 18. Ne4 Bxb5 19. c4 Ba6 20. Bg5 Be7 21.
Bd2 Qh5 22. Ng3 Qg6 23. Ne5 1-0

[Event "Dianalund "]
[Site "Dianalund"]
[Date "2000.02.15"]
[Round "4"]
[White "Miezis, Normunds"]
[Black "Carstensen, Jacob"]
[Result "1-0"]
[WhiteElo "2481"]
[BlackElo "2248"]
[PlyCount "83"]
[EventDate "2000.??.??"]
[EventType "tourn"]
[EventRounds "9"]
[EventCountry "DEN"]

1. c4 Nf6 2. Nc3 e6 3. e4 d5 4. exd5 exd5 5. d4 Be7 6. Nf3 O-O 7. Bd3 c6 8. O-O
dxc4 9. Bxc4 Bg4 10. Re1 Nbd7 11. h3 Bh5 12. Bg5 Nb6 13. Bb3 Re8 14. Re5 Bg6
15. Nh4 Nfd7 16. Rxe7 Rxe7 17. f4 Nd5 18. Nxd5 cxd5 19. f5 h6 20. Bxe7 Qxe7 21.
fxg6 Qxh4 22. Bxd5 Nf6 23. gxf7+ Kf8 24. Be6 Rd8 25. Rc1 Qe4 26. Bb3 Qe3+ 27.
Kh1 Ne4 28. Qe1 Qxe1+ 29. Rxe1 Rxd4 30. Rc1 Nd6 31. Rc7 Rf4 32. Rd7 Rf6 33. Bd5
a5 34. Kg1 b6 35. Rd8+ Ke7 36. Rb8 Rf5 37. g4 Rf4 38. Rxb6 a4 39. Ra6 Nxf7 40.
Ra7+ Kf8 41. Bxf7 a3 42. Rxa3 1-0

[Event "Dianalund "]
[Site "Dianalund"]
[Date "2000.02.15"]
[Round "4"]
[White "Naes, Flovin Tor"]
[Black "Cherniaev, Alexander"]
[Result "0-1"]
[WhiteElo "2257"]
[BlackElo "2460"]
[PlyCount "88"]
[EventDate "2000.??.??"]
[EventType "tourn"]
[EventRounds "9"]
[EventCountry "DEN"]

1. e4 c5 2. Nf3 Nc6 3. d4 cxd4 4. Nxd4 Nf6 5. Nc3 e6 6. Ndb5 d6 7. Bf4 e5 8.
Bg5 a6 9. Na3 b5 10. Bxf6 gxf6 11. Nd5 f5 12. Bd3 Be6 13. O-O Bxd5 14. exd5 Ne7
15. c3 Bg7 16. Qh5 e4 17. Bc2 Qc8 18. Rae1 Qc5 19. Bb3 a5 20. Qe2 a4 21. Qxb5+
Qxb5 22. Nxb5 axb3 23. Nc7+ Kd7 24. Nxa8 Rxa8 25. axb3 Nxd5 26. g4 Rg8 27. Kh1
fxg4 28. Rxe4 Be5 29. f3 f5 30. Ra4 gxf3 31. Rxf3 Ke6 32. b4 f4 33. Ra7 h5 34.
b5 Rb8 35. c4 Ne3 36. b3 Kf5 37. Rf2 Ke4 38. Rfa2 f3 39. Rh7 Rf8 40. Kg1 Rg8+
41. Kh1 Rf8 42. Kg1 Bd4 43. Kf2 Nc2+ 44. Kf1 Rg8 0-1

[Event "Dianalund "]
[Site "Dianalund"]
[Date "2000.02.15"]
[Round "4"]
[White "Pedersen, Kim"]
[Black "Rausis, Igors"]
[Result "0-1"]
[WhiteElo "2247"]
[BlackElo "2486"]
[PlyCount "66"]
[EventDate "2000.??.??"]
[EventType "tourn"]
[EventRounds "9"]
[EventCountry "DEN"]

1. d4 Nf6 2. Nf3 e6 3. Nbd2 c5 4. e3 b6 5. c3 Bb7 6. Bd3 g6 7. O-O Bg7 8. b4
Qc7 9. Ba3 d6 10. bxc5 dxc5 11. Qe2 O-O 12. Rfc1 Nbd7 13. e4 Rfd8 14. Rab1 a6
15. g3 b5 16. e5 Nd5 17. c4 bxc4 18. Nxc4 Bh6 19. Rc2 Rab8 20. Rb3 a5 21. dxc5
Nb4 22. Bxb4 axb4 23. Nd6 Bd5 24. Bc4 Bc6 25. Nd4 Nxc5 26. Nxc6 Qxc6 27. Rf3
Rf8 28. Bb3 Qb6 29. Rxc5 Qxc5 30. Rxf7 Qc1+ 31. Kg2 Qc6+ 32. f3 Rxf7 33. Bxe6
Rbf8 0-1

[Event "Dianalund "]
[Site "Dianalund"]
[Date "2000.02.15"]
[Round "4"]
[White "Sivertsen, Palle"]
[Black "Pilgaard, Kim"]
[Result "0-1"]
[WhiteElo "2176"]
[BlackElo "2377"]
[PlyCount "44"]
[EventDate "2000.??.??"]
[EventType "tourn"]
[EventRounds "9"]
[EventCountry "DEN"]

1. e4 e5 2. Nf3 Nc6 3. Bb5 a6 4. Bxc6 dxc6 5. O-O Qd6 6. d4 exd4 7. Nxd4 Bd7 8.
Nc3 O-O-O 9. Be3 Qg6 10. Qe2 Nf6 11. f3 Bd6 12. Nb3 Rhe8 13. Nc5 Qh5 14. g4
Nxg4 15. fxg4 Bxg4 16. Qf2 Bf3 17. e5 Rxe5 18. Qxf3 Rg5+ 19. Kf2 Rf5 20. Qxf5+
Qxf5+ 21. Kg1 Qg4+ 22. Kf2 Bxc5 0-1

[Event "Dianalund "]
[Site "Dianalund"]
[Date "2000.02.16"]
[Round "5"]
[White "Cherniaev, Alexander"]
[Black "Pedersen, Kim"]
[Result "1-0"]
[WhiteElo "2460"]
[BlackElo "2247"]
[PlyCount "67"]
[EventDate "2000.??.??"]
[EventType "tourn"]
[EventRounds "9"]
[EventCountry "DEN"]

1. e4 e6 2. d3 c5 3. Nf3 Nc6 4. g3 d6 5. Bg2 Nf6 6. O-O Be7 7. c3 d5 8. Qe2 h6
9. Re1 a6 10. Nbd2 Ra7 11. Nf1 b6 12. e5 Nd7 13. h4 g5 14. hxg5 hxg5 15. N1h2
Bb7 16. Ng4 d4 17. c4 Qa8 18. Nfh2 b5 19. b3 b4 20. Be4 a5 21. a4 bxa3 22. Rxa3
Nb4 23. Bxb7 Qxb7 24. Bb2 Kf8 25. Rea1 Bd8 26. Bc1 Qa8 27. Rb1 Rh7 28. Bd2 f5
29. exf6 Nxf6 30. Nxf6 Bxf6 31. Qxe6 Raf7 32. Qe4 Qxe4 33. dxe4 Nd3 34. Ng4 1-0

[Event "Dianalund "]
[Site "Dianalund"]
[Date "2000.02.16"]
[Round "5"]
[White "Pilgaard, Kim"]
[Black "Miezis, Normunds"]
[Result "1/2-1/2"]
[WhiteElo "2377"]
[BlackElo "2481"]
[PlyCount "26"]
[EventDate "2000.??.??"]
[EventType "tourn"]
[EventRounds "9"]
[EventCountry "DEN"]

1. e4 c5 2. Nf3 e6 3. d4 cxd4 4. Nxd4 a6 5. Bd3 Nc6 6. Nxc6 dxc6 7. Nd2 e5 8.
Nc4 Be6 9. O-O Bxc4 10. Bxc4 Qxd1 11. Rxd1 Bc5 12. Kf1 Nf6 13. f3 Ke7 1/2-1/2

[Event "Dianalund "]
[Site "Dianalund"]
[Date "2000.02.16"]
[Round "5"]
[White "Rausis, Igors"]
[Black "Bromann, Thorbjorn"]
[Result "1-0"]
[WhiteElo "2486"]
[BlackElo "2297"]
[PlyCount "55"]
[EventDate "2000.??.??"]
[EventType "tourn"]
[EventRounds "9"]
[EventCountry "DEN"]

1. c4 Nc6 2. Nc3 e5 3. Nf3 Nf6 4. g3 d5 5. cxd5 Nxd5 6. Bg2 Nb6 7. Rb1 f5 8. d3
Be7 9. O-O Be6 10. b4 Bf6 11. e4 f4 12. b5 Nd4 13. Nxd4 exd4 14. Nd5 Bxd5 15.
exd5 fxg3 16. Re1+ Kf7 17. hxg3 h5 18. Qb3 g5 19. Re6 h4 20. Ba3 Kg7 21. Rbe1
Nc8 22. Qd1 h3 23. Be4 a6 24. b6 Nxb6 25. Qg4 Qd7 26. Bc1 Qd8 27. Bxg5 h2+ 28.
Kh1 1-0

[Event "Dianalund "]
[Site "Dianalund"]
[Date "2000.02.17"]
[Round "6"]
[White "Bromann, Thorbjorn"]
[Black "Cherniaev, Alexander"]
[Result "0-1"]
[WhiteElo "2297"]
[BlackElo "2460"]
[PlyCount "90"]
[EventDate "2000.??.??"]
[EventType "tourn"]
[EventRounds "9"]
[EventCountry "DEN"]

1. e4 g6 2. d4 Bg7 3. Nc3 d6 4. Bf4 a6 5. a4 Nc6 6. Nge2 Nf6 7. d5 Nb4 8. a5 e6
9. Ra4 c5 10. Ng3 h6 11. Bc1 O-O 12. Be2 exd5 13. exd5 Qe8 14. Ra3 Qe5 15. O-O
Re8 16. Bf3 Bf5 17. Nxf5 Qxf5 18. Na4 Qxc2 19. Nb6 Rad8 20. Bd2 Qxd1 21. Rxd1
Nc2 22. Rd3 Nd7 23. Nxd7 Rxd7 24. Rc1 Nd4 25. Bd1 Ne2+ 26. Bxe2 Rxe2 27. Kf1
Re4 28. b4 Bd4 29. f3 Re5 30. Bxh6 Rxd5 31. bxc5 dxc5 32. Rc4 Be5 33. Rxd5 Rxd5
34. Be3 Bxh2 35. Bxc5 Bc7 36. Bb4 Bxa5 37. Bc5 Rd7 38. Bd4 b5 39. Rc8+ Rd8 40.
Rxd8+ Bxd8 41. Bc3 f5 42. Ke2 Kf7 43. Kd3 Ke6 44. g4 fxg4 45. fxg4 Kd5 0-1

[Event "Dianalund "]
[Site "Dianalund"]
[Date "2000.02.17"]
[Round "6"]
[White "Miezis, Normunds"]
[Black "Naes, Flovin Tor"]
[Result "1-0"]
[WhiteElo "2481"]
[BlackElo "2257"]
[PlyCount "53"]
[EventDate "2000.??.??"]
[EventType "tourn"]
[EventRounds "9"]
[EventCountry "DEN"]

1. c4 e6 2. e4 d5 3. exd5 exd5 4. d4 Nf6 5. Nc3 Bb4 6. Bd3 O-O 7. Nf3 dxc4 8.
Bxc4 c5 9. O-O Nc6 10. dxc5 Bxc5 11. Bg5 Bg4 12. Nd5 Bd4 13. Re1 h6 14. Bxf6
Bxf6 15. h3 Bh5 16. g4 Bg6 17. Qd2 Qd6 18. Rad1 Rad8 19. b4 a6 20. a4 Rfe8 21.
b5 Ne5 22. Nxf6+ gxf6 23. Rxe5 Qxe5 24. Qxd8 Qe4 25. Qd5 Qf4 26. Nh4 Re3 27.
Nxg6 1-0

[Event "Dianalund "]
[Site "Dianalund"]
[Date "2000.02.17"]
[Round "6"]
[White "Pedersen, Kim"]
[Black "Carstensen, Jacob"]
[Result "0-1"]
[WhiteElo "2247"]
[BlackElo "2248"]
[PlyCount "90"]
[EventDate "2000.??.??"]
[EventType "tourn"]
[EventRounds "9"]
[EventCountry "DEN"]

1. d4 Nf6 2. Nf3 d5 3. e3 Bf5 4. c4 e6 5. Nc3 c6 6. Nh4 Bg6 7. Nxg6 hxg6 8. Qc2
Bd6 9. g3 Nbd7 10. cxd5 exd5 11. Bg2 Qe7 12. a3 Kf8 13. Bd2 Re8 14. O-O Nb6 15.
e4 dxe4 16. Rae1 Qd7 17. Nxe4 Nxe4 18. Rxe4 Rxe4 19. Qxe4 Qf5 20. Re1 Qxe4 21.
Bxe4 Rh5 22. Bc2 Rd5 23. Bc3 Be7 24. a4 Rd7 25. a5 Nd5 26. a6 b6 27. Be4 f5 28.
Bf3 Kf7 29. h4 Bf6 30. Kg2 Re7 31. Rc1 Ke6 32. Bd2 Kd6 33. Bf4+ Nxf4+ 34. gxf4
Rc7 35. d5 cxd5 36. Rxc7 Kxc7 37. Bxd5 Bxh4 38. Bf7 Bf6 39. b3 b5 40. Bxg6 Kb6
41. Bxf5 Kxa6 42. Kf3 Ka5 43. Ke2 Kb4 44. Be6 Kc3 45. f5 a5 0-1